000 02240nam a2200649 i 4500
001 56093
003 KOSZ 005
005 20230516113716.0
008 230515s2007 pl a g 000 0 pol
015 _aUWD 2016/32840
020 _a9788360688298
035 _a991049425379705066
035 _a(PL-WaBN)b52565464-48omnis_nlop
035 _ab52565464
035 _a(OCoLC)995377788
035 _a(PL)b0000005256546
035 _a(EXLNZ-48OMNIS_NETWORK)9910200322905606
040 _aWA N
_cWA N
_dKOSZ 005/RW
041 1 _apol
_hita
046 _k2004
080 _a069.5(410)
080 _a7.032
080 _a(084.1)
245 0 0 _aBritish Museum, Londyn /
_c[teksty Sara Andrenucci, Tatiana Pedrazzi, Francesca Taddei, Cristiana Zaccagnino ; tłumaczenie Anna Niebielska].
260 _aWarszawa :
_bHanski Publishing Services,
_ccopyright 2007.
300 _a138, [4] stron :
_bilustracje kolorowe ;
_c24 cm.
336 _aObraz
_bsti
_2rdacontent
336 _aTekst
_btxt
_2rdacontent
337 _aBez urządzenia pośredniczącego
_bn
_2rdamedia
338 _aWolumin
_bnc
_2rdacarrier
380 _aAlbumy i książki artystyczne
380 _aKsiążki
388 1 _a2001-
490 1 _aWielkie Muzea
500 _aDodatek do gazety Rzeczpospolita.
546 _aTł. z wł.
610 2 7 _aMuzeum Brytyjskie
_2DBN
650 7 _aMuzealnictwo
_2DBN
650 7 _aZbiory muzealne
_2DBN
651 7 _aLondyn (Wielka Brytania)
_2DBN
651 7 _aWielka Brytania
_2DBN
655 7 _aAlbum
655 7 _aSztuka starożytna
658 _aBibliotekarstwo, archiwistyka, muzealnictwo
658 _aHistoria
658 _aKultura i sztuka
700 1 _aAndrenucci, Sara
_eAutor
700 1 _aPedrazzi, Tatiana
_d(1973- )
_eAutor
700 1 _aTaddei, Francesca
_d(1973- )
_eAutor
700 1 _aZaccagnino, Cristiana
_eAutor
700 1 _aWieczorek-Niebielska, Anna
_eTłumaczenie
710 2 _aHPS
_4pbl
830 0 _aWielkie Muzea
856 _uhttp://koha.tu.koszalin.pl/cgi-bin/koha/opac-detail.pl?biblionumber=56093
_yKatalog online BPK
942 _2UKD
_cKS
999 _c56093
_d56093